MARC

LEADER 00000nam0a2200000 4500
001 334542
005 20231102004651.0
010 |a 521101118X 
035 |a (RuTPU)RU\TPU\book\360793 
090 |a 334542 
100 |a 20170830d1990 m y0rusy50 ca 
101 0 |a rus 
102 |a RU 
105 |a a j 001zy 
200 1 |a Введение в биомембранологию  |e учебное пособие  |f А. А. Болдырев [и др.]  |g под ред. А. А. Болдырева 
210 |a Москва  |c Изд-во Московского университета  |d 1990 
215 |a 207 с.  |c ил. 
320 |a Библиогр.: с. 201-202 
320 |a Предметный указатель: с. 203-205 
606 1 |a Биологические мембраны  |x Биохимия  |2 stltpush  |3 (RuTPU)RU\TPU\subj\28684  |9 52193 
610 1 |a биомембранология 
610 1 |a биомембраны 
610 1 |a транспорт 
610 1 |a энергия 
610 1 |a микросомное окисление 
610 1 |a ферментативная система 
610 1 |a мембранные рецепторы 
610 1 |a клеточные мембраны 
610 1 |a биогенез 
610 1 |a патологии 
610 1 |a учебные пособия 
610 1 |a библиотека А. Г. Стромберга 
675 |a 577.35(075.8)  |v 4 
701 1 |a Болдырев  |b А. А. 
701 1 |a Котелевцев  |b С. В. 
701 1 |a Ланио  |b М. 
701 1 |a Альварес  |b К. 
701 1 |a Перес  |b П. 
702 1 |a Болдырев  |b А. А.  |4 340 
801 1 |a RU  |b 63413507  |c 20170830 
801 2 |a RU  |b 63413507  |c 20170914  |g RCR 
942 |c BK